Central Library OPAC University of Rajshahi

Calculus and the computer / (Record no. 70597)

MARC details
000 -LEADER
fixed length control field 00668nam a2200229 a 4500
001 - CONTROL NUMBER
control field 70597
003 - CONTROL NUMBER IDENTIFIER
rucl marc code BD-RjUL
005 - DATE AND TIME OF LATEST TRANSACTION
control field 20211209082023.0
008 - FIXED-LENGTH DATA ELEMENTS--GENERAL INFORMATION
fixed length control field 170418s1986 maua 000 0 eng
020 ## - INTERNATIONAL STANDARD BOOK NUMBER
International Standard Book Number 0871509504 (pbk.) :
Terms of availability $12.00
035 ## - SYSTEM CONTROL NUMBER
System control number (BD-RjUL)70811
040 ## - CATALOGING SOURCE
Original cataloging agency DLC
Transcribing agency DLC
Modifying agency DLC
-- BD-RjUL
Language of cataloging eng
041 ## - LANGUAGE CODE
Language code of text/sound track or separate title eng
082 00 - DEWEY DECIMAL CLASSIFICATION NUMBER
Classification number 515
Edition number 23
Author mark and year GOC 1986
100 1# - MAIN ENTRY--PERSONAL NAME
Personal name Gordon, Sheldon P.
9 (RLIN) 208969
245 10 - TITLE STATEMENT
Title Calculus and the computer /
Statement of responsibility, etc. Sheldon P. Gordon.
260 ## - PUBLICATION, DISTRIBUTION, ETC. (IMPRINT)
Place of publication, distribution, etc. Boston :
Name of publisher, distributor, etc. Prindle, Weber & Schmidt,
Date of publication, distribution, etc. c1986.
300 ## - PHYSICAL DESCRIPTION
Pagination xiv, 237 p. :
Illustrations ill. ;
Size 24 cm.
500 ## - GENERAL NOTE
General note Includes index.
650 #0 - SUBJECT ADDED ENTRY--TOPICAL TERM
Topical term or geographic name as entry element Calculus
General subdivision Data processing.
9 (RLIN) 154816
942 ## - ADDED ENTRY ELEMENTS (KOHA)
Source of classification or shelving scheme Dewey Decimal Classification
Koha item type Books
Holdings
Lost status Source of classification or shelving scheme Damaged status Not for loan Collection code Permanent Location Current Location Shelving location Date acquired Source of acquisition Total Checkouts Full call number Date last seen Copy number Koha item type
  Dewey Decimal Classification   Not For Loan Non-fiction Central Library, University of Rajshahi Central Library, University of Rajshahi Reading Room 10/04/1993 Asia Foundation   515 GOC 1986 18/04/2017 C-1 Books